000 00520nam a2200193Ia 4500
005 20240823051759.0
008 240823s9999||||xx |||||||||||||| ||und||
020 _a978-1-107-64687-2
041 _aENGLISH
082 _A621.4352 P5
100 _aRonald D Flack
245 0 _aFundamentals of Jet Propulsion with Applications
250 _a1st
260 _c2011
_b"Cambridge Universities Press,New Delhi"
500 _aYES
650 _aJet propulsion
_bAeronautical Engineering
942 _cBK
999 _c220358
_d220358